| 000 | 05584cam a2200421 i 4500 | ||
|---|---|---|---|
| 001 | 768714001 | ||
| 003 | CO-MdFUSB | ||
| 005 | 20250516103056.0 | ||
| 007 | ta | ||
| 008 | 011211t2001 pau 000 0 eng d | ||
| 010 | _a 2001277969 | ||
| 020 | _a157954603X | ||
| 020 | _a9781579546038 | ||
| 040 |
_aMZI _beng _cCO-MdFUSB _dMZI _dCO-MdFUSB _dBAKER _dBTCTA _dYDXCP _dQT5 _dOCLCQ _dYVR _dCS1 _dEEK _dOCLCF _dOCLCQ _dOCLCO _dOCL _dOCLCQ _dXFG _dOCLCQ _dOCLCO _dMYL _dXBE _dOCLCQ _dOCLCO _dNLC _dLKC _dOCLCO _dOCL _dOCLCO _dOCL _erda |
||
| 041 | _aeng | ||
| 042 | _alccopycat | ||
| 043 | _an-us--- | ||
| 082 |
_223 _a248.2 _bF931 |
||
| 245 | 1 |
_aFrom the ashes : _ba spiritual response to the attack on America : experience, strength, and hope from spiritual leaders and extraordinary citizens _c/ compilado y editado por Beliefnet. |
|
| 264 | 1 |
_aEmmaus, Pensilvania : _bRodale, _c[2001] |
|
| 264 | 4 | _c© 2001 | |
| 300 |
_a274 páginas ; _c22 cm. |
||
| 336 |
_atexto _btxt _2rdacontent. |
||
| 337 |
_asin mediación _bn _2rdamedia. |
||
| 338 |
_avolumen _bnc _2rdacarrier. |
||
| 505 | _a1. Un llamado a la acción: el desafío espiritual. Despierta de tu sueño / T.D. Jakes - No hay futuro sin perdón / Desmond M. Tutu - Torres Gemelas vistas desde un minarete occidental / Michael Wolfe - ¿Cuál es la respuesta adecuada al odio y la violencia? / Neale Donald Walsch - Lo que el Buda sabía / Christopher Largent - Orar por la paz es orar por la guerra / Forrest Church - Respira y recuerda a Dios / Kabir Helminski - 2. ¿Dónde estaba Dios? No me digas que no debemos culpar a Dios / David Wolpe - ¿Dónde estaba Dios? / Andrew M. Greeley - ¿Se está castigando a Estados Unidos por su pecaminosidad? / Shmuley Boteach - Dios nos hizo agentes morales / Charles Colson - Dios fue donde Dios eligió estar / Kathleen Norris - El Dios teísta está muerto / John Shelby Spong - 3. Semillas de gracia. Descansa en paz / Frederic y Mary Ann Brussat - El padre Mike se adelantó para saludarlos a todos / Steven McDonald - Un cántico evangélico de los buenos martes / Edward Hays - ¿Qué podemos hacer sino rezar? / Mata Amritanandamayi (Amma) - Hazlo de nuevo, Señor / Max Lucado - Al ver a Dios en mis vecinos / Sharon Linnéa - Oración de protección / Colleen Zuck - Un sacerdote en primera línea / Lloyd Prator - Brillante, más brillante , más brillante / Sri Chinmoy - La raíz del amor / Paul Ferrini.-- | ||
| 505 | 0 | _a4. El mal y el enemigo. Lo que le diría a Osama Bin Laden / Thich Nhat Hanh - El mal sobre el que debemos triunfar / Daisaku Ikeda - El misterio del mal / Billy Graham - La diosa de la democracia: un arquetipo sagrado para sanar el mundo / Thom Hartmann - La vela y el armario / Rushworth M. Kidder - La nueva cara del enemigo / Sam Keen - Llama al mal por su nombre / Tom Bethell - ¿Por qué Dios permite el mal? / Rick Warren --5. La cuestión del islam. ¿Es violento el islam? / Karen Armstrong - ¿Qué diría Muhammad sobre el terrorismo? / Alex Kronemer - Encontrar la voz del Islam / Ingrid Mattson - Soy musulmana estadounidense - y tengo miedo / Rhonda Roumani - Musulmanes estadounidenses: una oración / Imam Izak-El Mu'eed Pasha - 6 El deseo de justicia. Sana el mundo: una respuesta multifaith a un asalto a nuestra humanidad / Arthur Magida - La moral del poder: ¿cómo respondemos sin agacharnos al nivel de los terroristas? / Gregg Easterbrook - Una guerra contra el terrorismo es moral / Joseph Telushkin - La trampa de la ira: no podemos convertirnos en la imagen de lo que perseguimos / Rodger Kamenetz - Los criterios cristianos para la retribución / Richard Land - Restaurar nuestras almas / Denise Breton y Steve Lehman - Ceder ante el odio da la victoria a los terroristas / Bernard Cardinal Law - ¿Es posible el perdón? / Johann Christoph Arnold - La venganza es del Señor (pero algo en mí quiere "bombardearlos") / Mary Lynn Tobi. -- 7. Enseñanzas y tradiciones. El mensaje del Papa / Juan Pablo II - Una carta al presidente / Dalai Lama - Una vista desde el corazón hindú / Satguru Sivaya Subramuniyaswamil - ¿Qué haría Jesús? / David P. Gushee - ¿Qué haría Buda? / Surya Das - Mitakuye Oyasin / Michael Hull - ¿Qué haría la diosa? / Halcón de las Estrellas - ¿Qué haría Moisés? / Joshua Wolf Shenk - 8. Miedo y vulnerabilidad. Elogio de pequeñas ambiciones / Hugh O'Neill - Todos vivimos en una sucá / Arthur Waskow - Heraldos de la esperanza / Suzy Yehl Marta - Resistencia frente al miedo / Dan Baker - ¿Qué les dices a los niños? / Jean G. Fitzpatrick - Protegiendo nuestras relaciones / Hugh y Gayle Prather - Procesando una tragedia nacional / Bill Hybels - 9. Arrepentimiento. ¿Es este un evento apocalíptico? / Jerry B. Jenkins - Nuestro alejamiento de Dios / Michael Lerner - Arrepentirse / Frederica Mathewes-Green - Romper el ciclo / Paul Rogat Loeb - 10. De las cenizas. Dios todavía responde las oraciones / Bruce Wilkinson - Un intento temprano de gratitud / David Steindl-Rast - Amabilidad / Sharon Salzberg - ¿Qué bien puede venir de este mal? / William Webber - Negarles su victoria / Declaración interreligiosa. | |
| 520 | _aRecopila ensayos, poemas y otros escritos que ofrecen sabiduría y orientación en la búsqueda espiritual de la curación después de los ataques terroristas del 11 de septiembre. | ||
| 563 | _apasta dura | ||
| 650 | 7 |
_aCristianismo _922 |
|
| 650 | 0 |
_aVida cristiana _919 |
|
| 650 | 0 |
_aVida espiritual _951 |
|
| 710 | 2 | _aBeliefnet (Firm) | |
| 942 | _cBK | ||
| 945 | _aJTF-925 | ||
| 999 |
_c66349 _d66349 |
||